6 willekeurige landen op de wereldkaart in 15 seconden - Statistieken

Algemene statistieken
  • Deze quiz is 82 keer genomen
  • De gemiddelde score is 4 van 6
Antwoorden op de kaart
Antwoorden kleurgecodeerd door een groen-rode schaal op de quizkaart volgens % correct hieronder.
 
Antwoordstatistieken
land % Correct
Afghanistan
100%
Albanië
100%
Argentinië
100%
Armenië
100%
Australië
100%
Azerbeidzjan
100%
Bahama's
100%
Bahrein
100%
Belarus
100%
België
100%
Benin
100%
Bosnië en Herzegovina
100%
Brazilië
100%
Bulgarije
100%
Canada
100%
Centraal-Afrikaanse Republiek
100%
China
100%
Cyprus
100%
Djibouti
100%
Duitsland
100%
Egypte
100%
Finland
100%
Gambia
100%
Griekenland
100%
Honduras
100%
IJsland
100%
Irak
100%
Jamaica
100%
Jemen
100%
Kenia
100%
Kosovo
100%
Kroatië
100%
Liberia
100%
Luxemburg
100%
Madagaskar
100%
Malta
100%
Mexico
100%
Mongolië
100%
Mozambique
100%
Nauru
100%
Nederland
100%
Nigeria
100%
Noord-Korea
100%
Noorwegen
100%
Oekraïne
100%
Oostenrijk
100%
Palau
100%
Panama
100%
Papoea-Nieuw-Guinea
100%
Polen
100%
Portugal
100%
Rusland
100%
Sao Tomé en Principe
100%
Senegal
100%
Slovenië
100%
Slowakije
100%
Spanje
100%
Tadzjikistan
100%
Thailand
100%
Trinidad en Tobago
100%
Tsjechië
100%
Turkije
100%
Uruguay
100%
Vaticaanstad
100%
Verenigde Arabische Emiraten
100%
Verenigde Staten
100%
Verenigd Koninkrijk
100%
Zimbabwe
100%
Zuid-Korea
100%
Zweden
100%
Somalië
80%
Cambodja
75%
Georgië
67%
Kirgizië
67%
Nieuw-Zeeland
67%
Oman
67%
Brunei
50%
Burundi
50%
Costa Rica
50%
Cuba
50%
Hongarije
50%
Iran
50%
Lesotho
50%
Letland
50%
Maldiven
50%
San Marino
50%
Tanzania
50%
Zuid-Soedan
50%
Botswana
33%
Comoren
33%
Malawi
33%
Qatar
33%
Algerije
0%
Andorra
0%
Angola
0%
Antigua en Barbuda
0%
Bangladesh
0%
Barbados
0%
Belize
0%
Bhutan
0%
Bolivia
0%
Burkina Faso
0%
Cabo Verde
0%
Chili
0%
Colombia
0%
Congo
0%
Côte d'Ivoire
0%
Dem Rep Congo
0%
Denemarken
0%
Dominica
0%
Dominicaanse Republiek
0%
Ecuador
0%
El Salvador
0%
Equatoriaal-Guinea
0%
Eritrea
0%
Estland
0%
Eswatini
0%
Ethiopië
0%
Fiji
0%
Filipijnen
0%
Frankrijk
0%
Gabon
0%
Ghana
0%
Grenada
0%
Guatemala
0%
Guinee
0%
Guinee-Bissau
0%
Guyana
0%
Haïti
0%
Ierland
0%
India
0%
Indonesië
0%
Israël
0%
Italië
0%
Japan
0%
Jordanië
0%
Kameroen
0%
Kazachstan
0%
Kiribati
0%
Koeweit
0%
Laos
0%
Libanon
0%
Libië
0%
Liechtenstein
0%
Litouwen
0%
Maleisië
0%
Mali
0%
Marokko
0%
Marshalleilanden
0%
Mauritanië
0%
Mauritius
0%
Micronesia
0%
Moldavië
0%
Monaco
0%
Montenegro
0%
Myanmar
0%
Namibië
0%
Nepal
0%
Nicaragua
0%
Niger
0%
Noord-Macedonië
0%
Oeganda
0%
Oezbekistan
0%
Oost Timor
0%
Pakistan
0%
Paraguay
0%
Peru
0%
Roemenië
0%
Rwanda
0%
Saint Kitts en Nevis
0%
Saint Lucia
0%
Saint Vincent en de Grenadines
0%
Salomonseilanden
0%
Samoa
0%
Saoedi-Arabië
0%
Servië
0%
Seychellen
0%
Sierra Leone
0%
Singapore
0%
Soedan
0%
Sri Lanka
0%
Suriname
0%
Syrië
0%
Taiwan
0%
Togo
0%
Tonga
0%
Tsjaad
0%
Tunesië
0%
Turkmenistan
0%
Tuvalu
0%
Vanuatu
0%
Venezuela
0%
Vietnam
0%
Zambia
0%
Zuid-Afrika
0%
Zwitserland
0%
Geen overeenkomende quizzen gevonden
Scoreverdeling
Procent van Mensen met Elke Score
Percentiel versus Aantal Correcte Antwoorden
Uw Scoregeschiedenis
U heeft deze quiz nog niet genomen